|
|
|
|
| LEADER |
00000cam a2200000 i 4500 |
| 001 |
1/85469 |
| 008 |
050916s1977 gr | ||| |||| ||gre|| |
| 035 |
|
|
|l 10080286
|
| 040 |
|
|
|a GR-MyUA
|b gre
|e AACR2
|
| 041 |
0 |
|
|a gre
|
| 082 |
0 |
|
|a 888.86
|2 (22)
|
| 100 |
1 |
|
|a Δούφλιας, Κώστας.
|
| 245 |
1 |
3 |
|a Τα δημοτικά τραγούδια του Μακεδονικού νεοαρματολισμού :
|b συλλογή πρώτη /
|c Κώστας Δούφλιας.
|
| 260 |
|
|
|a Θεσσαλονίκη :
|b [χ.ό.],
|c 1977.
|
| 300 |
|
|
|a 124 σ. ;
|c 21 εκ.
|
| 650 |
|
0 |
|a Folk songs, Greek
|z Greece
|z Macedonia.
|
| 852 |
|
|
|a INST
|b SAMOS
|e 20050916
|h 888.86 ΔΟΥ
|p 005300025040
|q 005300025040
|t BK
|y 0
|
| 901 |
|
|
|a BIBL3-2005-4
|
| 970 |
|
|
|a ΚΟΣΙΕΡΗΣ
|b ΧΡΗΣΤΟΣ
|z 2005/09/16
|